000 00581nam a2200241Ia 4500
003 0100
008 130227s9999 xx 000 0 und d
020 _a0340850396
040 _cARRUPELIB
050 _aPN145.D65 2003
100 _aDoubtfire, Dianne
245 _aTeach yourself creative writing
250 _a2nd edition
260 _aLondon
260 _bHodder & Stoughton
260 _C2003
300 _axvii
300 _b 233p 20cm
440 _aTeach yourself
650 _bEngland - Social life & customs
700 _aBurton, Ian (ed)
942 _2lcc
_01
999 _c1672
_d1672